Analyzing social media networks with NodeXL : insights from a connected world
Αποθηκεύτηκε σε:
| Κύριος συγγραφέας: | |
|---|---|
| Άλλοι συγγραφείς: | , |
| Μορφή: | Βιβλίο |
| Γλώσσα: | English |
| Δημοσίευση: |
Amsterdam, Boston :
Elsevier/Morgan Kaufmann,
c2011.
|
| Θέματα: | |
| Ετικέτες: |
Προσθήκη ετικέτας
Δεν υπάρχουν, Καταχωρήστε ετικέτα πρώτοι!
|
MARC
| LEADER | 00000cam a2200000 i 4500 | ||
|---|---|---|---|
| 001 | 1/56805 | ||
| 008 | 140923s2011 ne | ||| |||| ||eng|| | ||
| 020 | |a 9780123822291 | ||
| 035 | |l 10119242 | ||
| 040 | |a GR-MyUa |b gre |e AACR2 | ||
| 041 | 0 | |a eng | |
| 082 | 7 | |a 006.754 |2 (23) | |
| 100 | 1 | |a Hansen, Derek L. | |
| 245 | 1 | 0 | |a Analyzing social media networks with NodeXL : |b insights from a connected world / |c Derek L. Hansen, Ben Shneiderman, Marc A. Smith. |
| 260 | |a Amsterdam, Boston : |b Elsevier/Morgan Kaufmann, |c c2011. | ||
| 300 | |a xv, 284 σ. : |b εικ., φωτ. ; |c 28 εκ. | ||
| 504 | |a Περιλαμβάνει βιβλιογραφικές παραπομπές και ευρετήριο. | ||
| 630 | 0 | 0 | |a NodeXL. |
| 650 | 0 | |a Data mining |x Computer programs. | |
| 650 | 0 | |a Information visualization |x Computer programs. | |
| 650 | 0 | |a Online social networks. | |
| 650 | 0 | |a Webometrics |x Computer programs. | |
| 700 | 1 | |a Shneiderman, Ben. | |
| 700 | 1 | |a Smith, Marc A., |d 1965- | |
| 852 | |a INST |b RHODES |e 20140923 |h 006.754 HAN |p 005400036852 |q 005400036852 |t BK |y 0 | ||
| 852 | |a INST |b SYROS |e 20140924 |h 006.754 HAN |p 005500012469 |q 005500012469 |t BK |y 0 | ||
| 901 | |a BIBL5-2014-3 | ||
| 901 | |a BIBL4-2014-3 | ||
| 922 | |a 5ΕΛΗ |b 201405 |c Βιβλιοθήκη Σύρου |d Διαδρομές | ||
| 922 | |a 4ΕΛΗ |b 201405 |c ΤΑΚ/ΤΕΠΑΕΣ |d Διαδρομές | ||
| 970 | |a Κοντού |b Παρασκευή |z 23/09/2014 | ||